000 00545nam a22001817a 4500
005 20251108165453.0
008 250721s1992 xx 000 0 ara d
082 1 4 _aم/028.7/محم
100 1 _aخفاجي، محمد عبد المنعم
245 1 0 _aمصادر المكتبة الأدبية /
264 1 _aبيروت :
_bدار الجيل،
_c1992.
300 _a215ص
650 1 7 _aالمواد المرجعية
650 1 7 _aإستخدام المراجع
650 1 7 _aالأدب العربي
942 _2ddc
_cREF
999 _c28707
_d28707